ბათუმის შოთა რუსთაველის სახელმწიფო უნივერსიტეტის ბიბლიოთეკა

არქიტექტურა. ოცნება და სინამდვილე. წიგნი 2 / (ბიბ.ჩანაწერი № 46908)

000 -ლიდერი
ფიქსირებული სიგრძის საკონტროლო ველი 01490nam a2200265Ia 4500
001 - საკონტროლო ნომერი
საკონტროლო ველი 13761
003 - საკონტროლო ნომრის იდენტიფიკატორი
საკონტროლო ველი GE_BSU
005 - ბოლო ოპერაციის თარიღი და დრო
საკონტროლო ველი 20241011125818.0
008 - ფიქსირებული სიგრძის მონაცემთა ელემენტები - ზოგადი ინფორმაცია
ფიქსირებული სიგრძის საკონტროლო ველი 181216s2009||||ge |||||||||||||| ||geo||
040 ## - კატალოგიზაციის წყარო
Transcribing agency GE_BSU
041 ## - ენის კოდი
Language code of text/sound track or separate title geo
080 ## - უნივერსალური ათობითი კლასიფიკაციის ინდექსი
Universal Decimal Classification number 72(479.22)+821.353.1-92 დ-15
100 ## - მთავარი ჩანაწერი - პიროვნების სახელი
Personal name დავითაია, ვახტანგ
9 (RLIN) 15482
245 ## - ცნობა სათაურის შესახებ
Title არქიტექტურა. ოცნება და სინამდვილე. წიგნი 2 /
Statement of responsibility, etc ვახტანგ დავითაია ; რედაქტორები : ელენე კალანდაძე, მანანა უკლება.
264 ## - წარმოების, გამოცემის, დისტრიბუციის და სხვა ცნობები
გამოცემის, წარმოების, დისტრიბუციის... ადგილი თბილისი :
გამოცემის, წარმოების, დისტრიბუციის... სახელწოდება (სტ. "ომეგა თეგი"),
გამოცემის, წარმოების, დისტრიბუციის... თარიღი 2009.
300 ## - ფიზიკური აღწერა
Extent 552 გვ. :
Other physical details ილ. ;
Dimensions 21 სმ.
500 ## - ზოგადი შენიშვნა
General note თავფურცელზე ავტორი მითითებული არ არის
501 ## - შენიშვნა თანმხლებ მასალაზე
With note თავფურცელზე : ავტორის მინაწერი. F 94.819/3
653 ## - INDEX TERM--UNCONTROLLED
Uncontrolled term არქიტექტურა
653 ## - INDEX TERM--UNCONTROLLED
Uncontrolled term ოცნება და სინამდვილე
653 ## - INDEX TERM--UNCONTROLLED
Uncontrolled term ქალაქდაგეგმარება, რეკონსტრუქცია, რეაბილიტაცია
700 ## - ADDED ENTRY--PERSONAL NAME
Personal name კალანდაძე, ელენე
Relator term რედაქტორი
9 (RLIN) 23389
700 ## - ADDED ENTRY--PERSONAL NAME
Personal name უკლება, მანანა
Relator term რედაქტორი
9 (RLIN) 6609
942 ## - ADDED ENTRY ELEMENTS (KOHA)
Koha item type წიგნი
Source of classification or shelving scheme
ეგზემპლარები
ჩამოწერის სტატუსი დაკარგული ეგზემპლარის სტატუსი კლასიფიკაციის წყარო ან თაროზე გაწყობის სქემა დაზიანების სტატუსი არ გაიცემა მუდმივი მდებარეობა (დაცვის ადგილი) ამჟამინდელი ადგილსამყოფელი თაროზე განთავსების ადგილი შეძენის თარიღი სრული შენახვის შიფრი შტრიხკოდი ბოლო ოპერაციის თარიღი ეგზემპლარის მიმდევრობითი ნომერი (კეტერი?) ფასის ძალაში შესვლის თარიღი ეგზემპლარის სახეობა
          ბათუმის შოთა რუსთაველის სახელმწიფო უნივერსიტეტის მთავარი ბიბლიოთეკა ბათუმის შოთა რუსთაველის სახელმწიფო უნივერსიტეტის მთავარი ბიბლიოთეკა წიგნსაცავი 2018-12-17 72(479.22)+821.353.1-92 დ-15 27282 2018-12-17 27282 2018-12-17 წიგნი